Vnorený systém (gateway) na báze TI CC3100

Salvato in:
Dettagli Bibliografici
Autore principale: Podhradský, Adam (Autore)
Altri autori: Fodrek, Peter (Relatore della tesi)
Natura: Manoscritto Libro
Lingua:slovacco
Pubblicazione: 2017
Soggetti:
Accesso online:http://is.stuba.sk/zp/portal_zp.pl?podrobnosti=140329
Tags: Aggiungi Tag
Nessun Tag, puoi essere il primo ad aggiungerne!!

MARC

LEADER 00000ntm a22000003a 4500
001 stuzp60542
003 SK-STU
005 20170731113518.6
007 ta
008 150427s2015----xo-----f-mn---000-0-slo-d
040 |a STU  |b slo 
041 0 |a slo 
044 |a xo 
100 1 |a Podhradský, Adam  |u 035000  |4 aut  |U FEI Fakulta elektrotechniky a informatiky  |T FEI Ústav informatiky a matematiky  |X 72313  |U E050  |Y 816  |7 72313 
242 0 1 |a Embedded system based on TI CC3100  |y eng 
245 1 0 |a Vnorený systém (gateway) na báze TI CC3100 
260 |c 2017 
300 |a 49 s.,  |b CD-ROM 
650 4 |a aktualizácia firmvéru  |2 slo 
650 4 |a mikroprocesor  |2 slo 
650 4 |a bezdrôtové spojenie  |2 slo 
650 4 |a firmware update  |2 eng 
650 4 |a microcontroller  |2 eng 
650 4 |a wireless connection  |2 eng 
700 1 |a Fodrek, Peter  |4 ths  |X 4968  |7 A000004968 
856 4 |u http://is.stuba.sk/zp/portal_zp.pl?podrobnosti=140329 
996 |b 284ER02537  |c E*Bc- 2537  |l EE35  |s P  |a 0  |w stuzp60542_0001